000 00643cam a22002171 4500
001 sa 63004867
003 DLC
005 20260227111951.0
008 940715s1962 ii 000 0 pano
010 _asa 63004867
025 _aPL480:I-Pu-192
035 _a(OCoLC)30773468
040 _aDLC
_cCU
_dCU
_dNSyU
_dDLC
042 _apremarc
050 0 0 _aPK2659.S5978
_bB3
100 1 _aSiṅgha, Bhagawāna.
245 1 0 _aBahādara Jāsūsa;
_bJaṅga Bahādara nāme jāsūsa ... dā hāla,
_cBhagawāna Siṅgha Nāwalisṭa.
260 _aAmmritasara,
_bBhāpe dī Haṫṫī
_c[1962?]
300 _a80 p.
_c19 cm.
500 _aIn Panjabi.
999 _c55890
_d55890